| 000 | 00356nam a2200133Ia 4500 | ||
|---|---|---|---|
| 008 | 220216s9999 xx 000 0 und d | ||
| 245 | 0 | _aFlexible guide posts/road dividers | |
| 260 |
_bMalaysian Rubber Technology Developments _c2003 |
||
| 300 | _a21-23 | ||
| 650 | _aRoad dividers | ||
| 650 | _aTear strength | ||
| 650 | _aTensile strength | ||
| 942 | _cJS | ||
| 999 |
_c59461 _d59461 |
||